Vytvorenie lingvistických súhrnov nad SQL dopytmi diplomová práca

Enregistré dans:
Détails bibliographiques
Auteur principal: Kováčiková, Kristína
Collectivité auteur: Fakulta hospodárskej informatiky EU. Katedra aplikovanej informatiky
Autres auteurs: Hudec, Miroslav, 1969-
Format: Livre
Langue:slovaque
Publié: Bratislava 2015
Tags: Ajouter un tag
Pas de tags, Soyez le premier à ajouter un tag!

MARC

LEADER 00000nbm a2200000 4500
001 0203492
005 20161212112559.5
041 0 |a slo 
044 |a SK 
245 1 0 |a Vytvorenie lingvistických súhrnov nad SQL dopytmi  |b diplomová práca  |c Kristína Kováčiková ; školiteľ: Miroslav Hudec 
264 1 |a Bratislava  |c 2015 
300 |a 78 s. 
100 1 |a Kováčiková, Kristína 
700 1 |a Hudec, Miroslav, 1969- 
710 2 |a Fakulta hospodárskej informatiky EU. Katedra aplikovanej informatiky